[Event "ENCI Limburg-open B"]
[Site "Maastricht"]
[Date "2008.05.12"]
[Round "6"]
[White "Braam, Marco"]
[Black "Ingelaere, Tijl"]
[Result "1-0"]
[WhiteElo "1590"]
[BlackElo "1150"]
[PlyCount "135"]
[EventDate "2008.05.09"]
[EventType "swiss"]
[EventRounds "7"]
[EventCountry "NED"]
[Source "P.Boonen"]
[SourceDate "2010.01.01"]

1. e4 e6 2. d4 d5 3. e5 c5 4. Nf3 cxd4 5. Nxd4 Bc5 6. Nf3 Nc6 7. Bb5 Bd7 8. Nc3
h6 9. O-O Nge7 10. Bd3 a6 11. Bf4 Nb4 12. a3 Nxd3 13. cxd3 Ng6 14. Bg3 O-O 15.
d4 Be7 16. h3 Rc8 17. Nh2 b5 18. Rc1 Bh4 19. Ne2 Be7 20. Ng4 Rc6 21. Rxc6 Bxc6
22. Nf4 Nxf4 23. Bxf4 Bg5 24. Bh2 f5 25. exf6 Bxf6 26. Re1 Qe7 27. Be5 Bxe5 28.
Rxe5 Bd7 29. Qe2 Bc8 30. Rxd5 Qa7 31. Rd6 Qc7 32. Qe5 h5 33. Nh2 Rf5 34. Qg3
Qc1+ 35. Nf1 Qxb2 36. Qe3 Qc2 37. Ng3 Qd1+ 38. Kh2 Rf7 39. Rd8+ Rf8 40. Rxc8
Rxc8 41. Qxe6+ Kh7 42. Qxc8 Qxd4 43. Qxa6 Qe5 44. Kg1 Qe1+ 45. Nf1 Qe5 46. Qc6
g6 47. Qc2 Qf5 48. Qxf5 gxf5 49. Ne3 Kg6 50. Nd5 Kg5 51. Nc3 f4 52. Nxb5 h4 53.
a4 f3 54. gxf3 Kf4 55. Nd4 Ke5 56. a5 Kxd4 57. a6 Kd3 58. a7 Kd2 59. a8=Q Ke1
60. Qe4+ Kd2 61. Qe3+ Kd1 62. Kf1 Kc2 63. Ke1 Kb2 64. Kd1 Ka2 65. Qb6 Ka3 66.
Qb5 Ka2 67. Kc2 Ka3 68. Qb3# 1-0

[Event "ENCI Limburg-open B"]
[Site "Maastricht"]
[Date "2008.05.12"]
[Round "6"]
[White "Bravo, Fabio"]
[Black "De Graaf, Arnoud"]
[Result "1-0"]
[WhiteElo "1665"]
[BlackElo "1818"]
[PlyCount "115"]
[EventDate "2008.05.09"]
[EventType "swiss"]
[EventRounds "7"]
[EventCountry "NED"]
[Source "P.Boonen"]
[SourceDate "2010.01.01"]

1. e4 d6 2. d4 Nf6 3. Nc3 g6 4. f4 Bg7 5. Nf3 O-O 6. Be2 c5 7. dxc5 dxc5 8.
Qxd8 Rxd8 9. O-O Nc6 10. h3 Nd4 11. Bd1 Bd7 12. e5 Ne8 13. Ne4 Rac8 14. c3 Ne6
15. Be3 Bb5 16. Re1 b6 17. Bb3 c4 18. Bc2 Bc6 19. Nd4 Nxd4 20. cxd4 Nc7 21. Nc3
b5 22. g3 b4 23. Nd1 Nd5 24. Bf2 a5 25. Rc1 Nb6 26. Be4 Bxe4 27. Rxe4 e6 28.
Re2 Rc6 29. Ne3 Rdc8 30. Rec2 Bf8 31. Be1 Be7 32. Kg2 Kf8 33. Kf3 Ke8 34. g4 f5
35. g5 Kd7 36. h4 Kc7 37. Nxc4 Kb8 38. Ne3 Rxc2 39. Rxc2 Rxc2 40. Nxc2 Kc7 41.
Ke2 Kc6 42. Kd3 Kb5 43. b3 Nd5 44. Bd2 Bd8 45. a4+ Kc6 46. Ne1 Bb6 47. Nf3 Ne7
48. Be3 Kd5 49. Nd2 Kc6 50. Nc4 Bc7 51. Nd2 Nd5 52. Nf1 Nc3 53. Ng3 Kd5 54. h5
Bb6 55. h6 Nd1 56. Nh5 Nb2+ 57. Kc2 Ke4 58. Bd2 1-0

[Event "ENCI Limburg-open B"]
[Site "Maastricht"]
[Date "2008.05.12"]
[Round "6"]
[White "Callebaut, Giovanni"]
[Black "Kers Lageveen, Heleen"]
[Result "1-0"]
[WhiteElo "1047"]
[BlackElo "1156"]
[PlyCount "93"]
[EventDate "2008.05.09"]
[EventType "swiss"]
[EventRounds "7"]
[EventCountry "NED"]
[Source "P.Boonen"]
[SourceDate "2010.01.01"]

1. e4 e5 2. Nc3 Bc5 3. Nf3 d6 4. d4 Bb6 5. Bc4 Nf6 6. dxe5 dxe5 7. Bxf7+ Ke7 8.
Nxe5 Qxd1+ 9. Nxd1 Nxe4 10. O-O Kf6 11. Bf4 Nd7 12. Nxd7+ Bxd7 13. Re1 Bf5 14.
Bd5 Rhe8 15. Nc3 Ba5 16. Bxe4 Bxe4 17. Rxe4 Rxe4 18. Nxe4+ Kf5 19. Bd2 Bb6 20.
Ng3+ Kg6 21. Re1 Rf8 22. Ne4 c5 23. Be3 Re8 24. Nd6 Re7 25. Nc8 Re5 26. f4 Re4
27. Nd6 Rb4 28. f5+ Kf6 29. Bd2 Rxb2 30. Bc3+ Kg5 31. Bxb2 c4+ 32. Kf1 h5 33.
Bxg7 Bc7 34. Nf7+ Kxf5 35. Nh6+ Kg6 36. Re7 Bxh2 37. Kf2 b5 38. Kf3 Bd6 39. Rd7
Ba3 40. Kf4 Bc1+ 41. Ke5 c3 42. Nf5 b4 43. Nh4+ Kg5 44. Nf3+ Kg6 45. Bf8 a5 46.
Rg7+ Kh6 47. Nh4 1-0

[Event "ENCI Limburg-open B"]
[Site "Maastricht"]
[Date "2008.05.12"]
[Round "6"]
[White "Camps, Jeroen"]
[Black "Laarhoven, Marcel"]
[Result "0-1"]
[WhiteElo "1447"]
[BlackElo "1846"]
[PlyCount "102"]
[EventDate "2008.05.09"]
[EventType "swiss"]
[EventRounds "7"]
[EventCountry "NED"]
[Source "P.Boonen"]
[SourceDate "2010.01.01"]

1. d4 Nf6 2. c4 e5 3. d5 Bb4+ 4. Bd2 Bxd2+ 5. Qxd2 d6 6. Nc3 Bf5 7. f3 e4 8.
Qf4 Bg6 9. fxe4 Qe7 10. Nf3 Nxe4 11. Nxe4 Qxe4 12. Qxe4+ Bxe4 13. Nd2 Bg6 14.
O-O-O Nd7 15. e4 b6 16. Re1 Ne5 17. Nf3 Nxf3 18. gxf3 O-O 19. Bh3 Rae8 20. Re3
Re5 21. b4 Rfe8 22. Kd2 f5 23. Rhe1 fxe4 24. Be6+ Kf8 25. fxe4 Ke7 26. Kc3 Rf8
27. Kd4 Rf2 28. R1e2 Rxe2 29. Rxe2 c5+ 30. bxc5 bxc5+ 31. Kd3 a5 32. h3 Rg5 33.
Kc2 Rg3 34. Kb2 Kf6 35. e5+ dxe5 36. Rd2 Rd3 37. Rf2+ Ke7 38. Re2 e4 39. h4 e3
40. Re1 Kd6 41. Bg4 Ke5 42. Be2 Rd2+ 43. Kb3 Bd3 44. Bxd3 Rxd3+ 45. Kc2 Ke4 46.
Rg1 Rd4 47. Rxg7 Rxc4+ 48. Kd1 Rd4+ 49. Ke2 Rd2+ 50. Ke1 Rxa2 51. d6 Kd3 0-1

[Event "ENCI Limburg-open B"]
[Site "Maastricht"]
[Date "2008.05.12"]
[Round "6"]
[White "Chappin, Rene"]
[Black "Tutenel, Eric"]
[Result "1/2-1/2"]
[WhiteElo "1700"]
[BlackElo "1587"]
[PlyCount "51"]
[EventDate "2008.05.09"]
[EventType "swiss"]
[EventRounds "7"]
[EventCountry "NED"]
[Source "P.Boonen"]
[SourceDate "2010.01.01"]

1. e4 e5 2. Nf3 Nc6 3. Bc4 Nf6 4. Ng5 Bc5 5. O-O O-O 6. d3 h6 7. Nf3 d6 8. h3
Be6 9. Nbd2 a6 10. c3 b5 11. Bb3 Qd7 12. Kh2 g5 13. Bxe6 fxe6 14. Nb3 Ba7 15.
Be3 Bxe3 16. fxe3 g4 17. Ng1 Qg7 18. Qe2 Kh8 19. a4 Rg8 20. h4 g3+ 21. Kh1 Ng4
22. axb5 Nf2+ 23. Rxf2 gxf2 24. Qxf2 axb5 25. Rxa8 Rxa8 26. Ne2 1/2-1/2

[Event "ENCI Limburg-open B"]
[Site "Maastricht"]
[Date "2008.05.12"]
[Round "6"]
[White "Coenjaerts, Rene"]
[Black "Moog, Gerhard"]
[Result "0-1"]
[WhiteElo "1696"]
[BlackElo "1845"]
[PlyCount "86"]
[EventDate "2008.05.09"]
[EventType "swiss"]
[EventRounds "7"]
[EventCountry "NED"]
[Source "P.Boonen"]
[SourceDate "2010.01.01"]

1. e4 e6 2. d4 d5 3. Nd2 Nf6 4. e5 Nfd7 5. Bd3 c5 6. c3 Nc6 7. Ne2 Qb6 8. Nf3
cxd4 9. cxd4 Qa5+ 10. Bd2 Bb4 11. O-O Bxd2 12. Qxd2 Qxd2 13. Nxd2 b6 14. a3 Bb7
15. Rac1 Rc8 16. Rc3 Ke7 17. Rfc1 f6 18. Bb5 Ndb8 19. f4 f5 20. Nf3 a6 21. Bd3
g6 22. b4 Rhd8 23. Ng5 Rh8 24. h4 h6 25. Nf3 Rhg8 26. Ng3 Rcf8 27. Kf2 b5 28.
Ne2 Rc8 29. Ke3 Nd7 30. g3 Nb6 31. Nd2 Nc4+ 32. Bxc4 dxc4 33. Kf2 Kd7 34. Ra1
Ne7 35. Rc2 g5 36. hxg5 hxg5 37. Nf3 g4 38. Ng5 Rh8 39. Rcc1 Rh2+ 40. Ke1 Nd5
41. Nf7 Ba8 42. Nc3 Ne3 43. Ng5 Bf3 0-1

[Event "ENCI Limburg-open B"]
[Site "Maastricht"]
[Date "2008.05.12"]
[Round "6"]
[White "Cox, Jan"]
[Black "Gunther, Marcella"]
[Result "1/2-1/2"]
[WhiteElo "1477"]
[BlackElo "1628"]
[PlyCount "73"]
[EventDate "2008.05.09"]
[EventType "swiss"]
[EventRounds "7"]
[EventCountry "NED"]
[Source "P.Boonen"]
[SourceDate "2010.01.01"]

1. e4 e5 2. Nf3 Nc6 3. Nc3 Nf6 4. d4 exd4 5. Nxd4 Bb4 6. Nxc6 bxc6 7. Bd3 O-O
8. O-O d5 9. exd5 cxd5 10. Bg5 Bxc3 11. bxc3 Qd6 12. Re1 Bd7 13. Bxf6 Qxf6 14.
Qh5 g6 15. Qxd5 Qd6 16. Qxd6 cxd6 17. Re7 Be6 18. Ba6 Rfe8 19. Rxe8+ Rxe8 20.
a3 Rb8 21. Kf1 Rb6 22. Bd3 Rc6 23. Ke2 Rxc3 24. Kd2 Rc5 25. a4 Bd7 26. Bb5 Bxb5
27. axb5 Rxb5 28. Rxa7 Kg7 29. Ra6 Rd5+ 30. Ke3 Kf6 31. c4 Re5+ 32. Kd3 Ke6 33.
Ra8 Rf5 34. Ke3 Re5+ 35. Kd3 Rh5 36. h3 Rg5 37. g4 1/2-1/2

[Event "ENCI Limburg-open B"]
[Site "Maastricht"]
[Date "2008.05.12"]
[Round "6"]
[White "Daemen, Jules"]
[Black "Herzet, Serge"]
[Result "0-1"]
[WhiteElo "1595"]
[BlackElo "1856"]
[PlyCount "178"]
[EventDate "2008.05.09"]
[EventType "swiss"]
[EventRounds "7"]
[EventCountry "NED"]
[Source "P.Boonen"]
[SourceDate "2010.01.01"]

1. d4 d5 2. c4 e6 3. Nc3 Nf6 4. Bg5 Be7 5. Nf3 O-O 6. e3 Nbd7 7. Bd3 c5 8. cxd5
exd5 9. O-O c4 10. Be2 h6 11. Bh4 Nb6 12. b3 cxb3 13. Qxb3 Be6 14. Rac1 Rb8 15.
Bg3 Bd6 16. Ne5 a6 17. Rb1 Nc8 18. f4 Ne7 19. Bf2 Ne4 20. Nxe4 dxe4 21. Bc4
Bxc4 22. Nxc4 Bc7 23. Bh4 Qd7 24. Nb6 Bxb6 25. Bxe7 Qxe7 26. Qxb6 Rfc8 27. Qb3
b5 28. Rfd1 Rc7 29. Rbc1 Rbc8 30. Rxc7 Qxc7 31. Rd2 a5 32. Qd1 b4 33. Kf2 Qd8
34. Qg4 Rc6 35. g3 g6 36. h3 Qd5 37. Qe2 Qd7 38. Kg2 Rc3 39. g4 Ra3 40. Kf2 Qd5
41. Rb2 b3 42. axb3 Rxb3 43. Ra2 Qb7 44. Qd2 a4 45. Qc1 Qb4 46. Qc8+ Kg7 47.
Qe8 Rb2+ 48. Rxb2 Qxb2+ 49. Kg3 Qb1 50. Qe5+ Kh7 51. Kf2 a3 52. f5 Qb7 53.
fxg6+ fxg6 54. Qe6 Kg7 55. Qe5+ Kg8 56. Qe8+ Kh7 57. Qe6 Qa7 58. Qa2 Kg7 59. d5
Qe7 60. Ke2 Qb4 61. Qc2 Qb5+ 62. Ke1 Qa5+ 63. Ke2 Qa6+ 64. Ke1 a2 65. Qc7+ Kf6
66. Qd8+ Ke5 67. Qe7+ Kxd5 68. Qd7+ Kc4 69. Qd4+ Kb5 70. Qd5+ Kb6 71. Qd6+ Ka7
72. Qd7+ Ka8 73. Qd8+ Ka7 74. Qd7+ Kb6 75. Qd6+ Kb5 76. Qd5+ Kb4 77. Qd4+ Qc4
78. Qb6+ Kc3 79. Qa5+ Kc2 80. Kf2 h5 81. gxh5 gxh5 82. h4 Kd1 83. Qxh5+ Kc1 84.
Qa5 Qc2+ 85. Ke1 Kb2 86. Qb4+ Qb3 87. Qd2+ Qc2 88. Qb4+ Ka1 89. Qa3 Qb1+ 0-1

[Event "ENCI Limburg-open B"]
[Site "Maastricht"]
[Date "2008.05.12"]
[Round "6"]
[White "De Boer, Guus"]
[Black "Moers, Lennard"]
[Result "0-1"]
[WhiteElo "1673"]
[BlackElo "1492"]
[PlyCount "108"]
[EventDate "2008.05.09"]
[EventType "swiss"]
[EventRounds "7"]
[EventCountry "NED"]
[Source "P.Boonen"]
[SourceDate "2010.01.01"]

1. d4 d5 2. Bf4 Nf6 3. e3 e6 4. Nf3 Nbd7 5. Nbd2 c6 6. Bd3 Be7 7. Qe2 a5 8. h3
b5 9. e4 b4 10. e5 Nh5 11. Be3 g6 12. Bh6 Bf8 13. Qe3 Ng7 14. g4 Rb8 15. Qf4 c5
16. dxc5 Nxc5 17. Nd4 Bd7 18. Qf6 Rg8 19. Qf4 Be7 20. N2f3 Rb6 21. Bg5 Rf8 22.
Bf6 Rg8 23. Ng5 h6 24. Bxe7 Qxe7 25. Nh7 Kd8 26. Qxh6 Ne8 27. Qg5 Qxg5 28. Nxg5
Ke7 29. Ke2 f6 30. Ngf3 fxe5 31. Nxe5 Nxd3 32. Kxd3 Nd6 33. f3 Bb5+ 34. Nxb5
Nxb5 35. h4 Kd6 36. f4 Nc7 37. h5 gxh5 38. Rxh5 Ne8 39. Rh8 Rxh8 40. Nf7+ Ke7
41. Nxh8 Kf6 42. Rh1 Kg7 43. Kd4 Rc6 44. Rh2 Nf6 45. g5 Rc4+ 46. Kd3 Ng4 47.
Rh5 Rxf4 48. g6 Nf6 49. Rh3 Ne4 50. Rh7+ Kf8 51. Ra7 a4 52. g7+ Kg8 53. Ng6 Rf7
54. Rxa4 Nc5+ 0-1

[Event "ENCI Limburg-open B"]
[Site "Maastricht"]
[Date "2008.05.12"]
[Round "6"]
[White "De Jager, Leo"]
[Black "Verstraeten, Reinaert"]
[Result "1/2-1/2"]
[WhiteElo "1894"]
[BlackElo "1724"]
[PlyCount "63"]
[EventDate "2008.05.09"]
[EventType "swiss"]
[EventRounds "7"]
[EventCountry "NED"]
[Source "P.Boonen"]
[SourceDate "2010.01.01"]

1. Nf3 Nf6 2. g3 g6 3. Bg2 Bg7 4. O-O O-O 5. d4 d6 6. Nc3 c6 7. e4 Qc7 8. a4
Nbd7 9. h3 e5 10. dxe5 dxe5 11. Be3 Re8 12. Qe2 Nf8 13. Rfd1 Be6 14. Ng5 N6d7
15. Nxe6 Nxe6 16. Qc4 Red8 17. Ne2 a5 18. Qb3 Ndc5 19. Qc4 b6 20. Bxc5 Nxc5 21.
Nc3 Ne6 22. Kh2 Rd4 23. Rxd4 exd4 24. Ne2 Rd8 25. Nc1 h5 26. Nd3 c5 27. Rf1 h4
28. b3 Nf8 29. Kh1 hxg3 30. fxg3 Ne6 31. Nf4 Nxf4 32. Rxf4 1/2-1/2

[Event "ENCI Limburg-open B"]
[Site "Maastricht"]
[Date "2008.05.12"]
[Round "6"]
[White "De Jong, Ti"]
[Black "Klees, Robert"]
[Result "1-0"]
[WhiteElo "1533"]
[BlackElo "1239"]
[PlyCount "73"]
[EventDate "2008.05.09"]
[EventType "swiss"]
[EventRounds "7"]
[EventCountry "NED"]
[Source "P.Boonen"]
[SourceDate "2010.01.01"]

1. e4 d5 2. exd5 Qxd5 3. Nf3 Nf6 4. Nc3 Qa5 5. Be2 Bf5 6. O-O Nbd7 7. d3 O-O-O
8. a3 e5 9. Be3 Be7 10. b4 Qa6 11. Qb1 Ng4 12. Qb2 Nxe3 13. fxe3 Qb6 14. Nd5
Qd6 15. c4 c6 16. Nc3 Qg6 17. Rfd1 Nf6 18. Nxe5 Qg5 19. Qc1 Rhf8 20. e4 Qxc1
21. Raxc1 Bd6 22. Nf3 Bg6 23. e5 Ng4 24. exd6 Ne3 25. Rd2 Rxd6 26. c5 Rdd8 27.
b5 Rfe8 28. bxc6 bxc6 29. d4 Nf5 30. Ba6+ Kc7 31. Rb1 Rb8 32. Rdb2 Nxd4 33.
Rb7+ Rxb7 34. Rxb7+ Kc8 35. Nxd4 Re1+ 36. Kf2 Rc1 37. Rxf7+ 1-0

[Event "ENCI Limburg-open B"]
[Site "Maastricht"]
[Date "2008.05.12"]
[Round "6"]
[White "De Lange, Gerard"]
[Black "Krug, Franz Dieter"]
[Result "1-0"]
[WhiteElo "1611"]
[BlackElo "1457"]
[PlyCount "133"]
[EventDate "2008.05.09"]
[EventType "swiss"]
[EventRounds "7"]
[EventCountry "NED"]
[Source "P.Boonen"]
[SourceDate "2010.01.01"]

1. e4 e5 2. Nf3 d6 3. Bc4 Be7 4. d4 exd4 5. Qxd4 Nf6 6. e5 dxe5 7. Qxd8+ Bxd8
8. Nxe5 O-O 9. O-O Bf5 10. c3 c6 11. Be3 Bc7 12. f4 Nbd7 13. h3 Bxb1 14. Nxd7
Nxd7 15. Raxb1 Rfe8 16. Rbe1 Rxe3 17. Rxe3 Bb6 18. Rfe1 Kf8 19. Kf1 Nf6 20. Rd3
Rd8 21. Rxd8+ Bxd8 22. g4 h6 23. Bb3 Bc7 24. f5 Nd7 25. Bc2 Ne5 26. Re4 c5 27.
b4 cxb4 28. cxb4 b6 29. Re3 Ke7 30. Ra3 a5 31. bxa5 bxa5 32. Be4 Kd6 33. Rc3 f6
34. Rb3 Kd7 35. Rb7 Kd6 36. Ra7 Nf7 37. Ra6+ Kd7 38. h4 Ne5 39. g5 hxg5 40. h5
Nf7 41. Bd5 Nh6 42. Be6+ Ke7 43. Ke2 Ng4 44. Kd3 Ne5+ 45. Ke4 Nd7 46. Bxd7 Kxd7
47. Kd5 g4 48. Re6 g3 49. Re2 Be5 50. Ke4 Ke7 51. Kf3 Kf8 52. Re4 Kg8 53. a4
Kh7 54. Re2 Kh6 55. Kg4 Kh7 56. Rc2 Kh6 57. Kh4 Kh7 58. Kh3 Kh6 59. Rc5 Kxh5
60. Rxa5 Bc3 61. Rb5 Be1 62. a5 Bf2 63. a6 Ba7 64. Kxg3 Kg5 65. Rb7 Bd4 66. a7
Bxa7 67. Rxg7+ 1-0

[Event "ENCI Limburg-open B"]
[Site "Maastricht"]
[Date "2008.05.12"]
[Round "6"]
[White "De Ridder, Naomi"]
[Black "Ingelaere, Arthur"]
[Result "1-0"]
[WhiteElo "1302"]
[BlackElo "986"]
[PlyCount "125"]
[EventDate "2008.05.09"]
[EventType "swiss"]
[EventRounds "7"]
[EventCountry "NED"]
[Source "P.Boonen"]
[SourceDate "2010.01.01"]

1. e4 e6 2. Nc3 d5 3. d4 Bb4 4. e5 c5 5. Nf3 cxd4 6. Qxd4 Nc6 7. Bb5 Bd7 8.
Bxc6 Bxc3+ 9. Qxc3 Bxc6 10. Bg5 Qb6 11. O-O h6 12. Bh4 Bb5 13. Rfe1 Qc6 14. Re3
Qxc3 15. Rxc3 f6 16. Rc7 g5 17. Bg3 b6 18. Nd4 Ba6 19. exf6 Nxf6 20. Be5 Rf8
21. Nxe6 Rf7 22. Rxf7 Kxf7 23. Nc7 Rc8 24. Nxa6 Rxc2 25. Nb4 Rd2 26. Bc3 Re2
27. Kf1 Re8 28. Bxf6 Kxf6 29. Nxd5+ Kf7 30. Re1 Rd8 31. Rd1 Ke6 32. Nc7+ Ke7
33. Rxd8 Kxd8 34. Ne6+ Ke7 35. Nd4 Kf7 36. Ke2 Ke8 37. Kf3 Kf7 38. Kg4 Kg6 39.
Nf3 h5+ 40. Kg3 h4+ 41. Kg4 h3 42. gxh3 a5 43. Nxg5 b5 44. Ne4 a4 45. Nc3 b4
46. Nxa4 Kg7 47. f4 Kf6 48. a3 bxa3 49. bxa3 Kf7 50. Kg5 Kg7 51. Nc5 Kf7 52.
Kf5 Kf8 53. Kf6 Kg8 54. Ke7 Kg7 55. f5 Kg8 56. f6 Kh8 57. f7 Kh7 58. f8=Q Kg6
59. Ne4 Kh7 60. Qf5+ Kh6 61. Qg5+ Kh7 62. Kf7 Kh8 63. Qg7# 1-0

[Event "ENCI Limburg-open B"]
[Site "Maastricht"]
[Date "2008.05.12"]
[Round "6"]
[White "De Vries, Paul"]
[Black "Robinson, Roland"]
[Result "1/2-1/2"]
[WhiteElo "1495"]
[BlackElo "1768"]
[PlyCount "35"]
[EventDate "2008.05.09"]
[EventType "swiss"]
[EventRounds "7"]
[EventCountry "NED"]
[Source "P.Boonen"]
[SourceDate "2010.01.01"]

1. d4 f5 2. c4 Nf6 3. Nf3 g6 4. g3 Bg7 5. Bg2 O-O 6. O-O d6 7. Nc3 c6 8. b3 Qe8
9. Bb2 h6 10. Qc2 Na6 11. Rad1 Bd7 12. d5 Nc7 13. Nh4 g5 14. Nxf5 Bxf5 15. Qxf5
Nfxd5 16. Qc2 Nxc3 17. Bxc3 Qf7 18. Bxg7 1/2-1/2

[Event "ENCI Limburg-open B"]
[Site "Maastricht"]
[Date "2008.05.12"]
[Round "6"]
[White "De Vries, Robert"]
[Black "Roelofs, Eric"]
[Result "1-0"]
[WhiteElo "1573"]
[BlackElo "1415"]
[PlyCount "141"]
[EventDate "2008.05.09"]
[EventType "swiss"]
[EventRounds "7"]
[EventCountry "NED"]
[Source "P.Boonen"]
[SourceDate "2010.01.01"]

1. d4 d5 2. c4 dxc4 3. Nc3 Bd7 4. e4 c6 5. Nf3 e6 6. Bxc4 Be7 7. O-O Nf6 8. Ne5
O-O 9. a4 Bd6 10. f4 Bc7 11. Be3 Ba5 12. Bd3 Qb6 13. Nc4 Qc7 14. e5 Nd5 15.
Nxd5 exd5 16. Nd6 f5 17. Qb3 Qb6 18. Qxb6 Bxb6 19. Nxb7 g6 20. b4 Rf7 21. Nc5
Be8 22. a5 Bxc5 23. bxc5 Bd7 24. a6 Bc8 25. Rfb1 Rc7 26. Bf2 Kf7 27. Bh4 Ke8
28. Kf2 Nd7 29. Rb3 Rb8 30. Rab1 Rxb3 31. Rxb3 Nf8 32. Ke3 Ne6 33. Bf6 Nf8 34.
h3 Nd7 35. Bg5 Nf8 36. Rb1 Ne6 37. Bh6 Nd8 38. Be2 Nf7 39. Bg5 Nh8 40. g4 Nf7
41. Bf6 Nh6 42. Rg1 Bd7 43. Bg5 Ng8 44. gxf5 Bxf5 45. Bg4 Bxg4 46. hxg4 Kd7 47.
f5 h6 48. Bf4 Kc8 49. e6 Rh7 50. Rb1 Rc7 51. Bxc7 Kxc7 52. Rb7+ Kc8 53. e7 Nf6
54. fxg6 Nxg4+ 55. Kf4 Nf6 56. g7 Nh5+ 57. Kg4 Nxg7 58. Rxa7 h5+ 59. Kg5 h4 60.
Kxh4 Nf5+ 61. Kg5 Ng7 62. e8=Q+ Nxe8 63. Ra8+ Kd7 64. Rxe8 Kxe8 65. a7 Kd7 66.
a8=Q Kc7 67. Qa7+ Kd8 68. Qb7 Ke8 69. Kf6 Kd8 70. Ke6 Ke8 71. Qe7# 1-0

[Event "ENCI Limburg-open B"]
[Site "Maastricht"]
[Date "2008.05.12"]
[Round "6"]
[White "Debusschere, Helmuth"]
[Black "Nissel, Andreas"]
[Result "0-1"]
[WhiteElo "1815"]
[BlackElo "1677"]
[PlyCount "104"]
[EventDate "2008.05.09"]
[EventType "swiss"]
[EventRounds "7"]
[EventCountry "NED"]
[Source "P.Boonen"]
[SourceDate "2010.01.01"]

1. e4 e6 2. d4 d5 3. Nd2 Nf6 4. e5 Nfd7 5. Bd3 c5 6. c3 Nc6 7. Ne2 cxd4 8. cxd4
g6 9. O-O Bg7 10. f4 O-O 11. Kh1 f6 12. Nb3 a5 13. a4 Nb4 14. Bb1 b6 15. Nc3
Ba6 16. Re1 f5 17. g3 Rc8 18. Be3 Qe7 19. Bg1 Rc7 20. Nc1 Rfc8 21. Re3 Nc6 22.
Rf3 Qb4 23. Qd2 Qe7 24. Bd3 Nb4 25. Bxa6 Nxa6 26. Nd3 Nb4 27. Ne1 Nb8 28. Rf1
N8c6 29. Nf3 Na7 30. Rad1 Qd7 31. Qe2 Rc4 32. Nd2 R4c7 33. g4 fxg4 34. Qxg4 Rf8
35. Qe2 Bh6 36. Qe3 Rf5 37. Rf3 Qe8 38. Rdf1 Rcf7 39. h3 b5 40. axb5 Nxb5 41.
Ne2 Rc7 42. Qb3 Rc2 43. Rd1 Qc6 44. Qa4 Nxd4 45. Nxd4 Qxa4 46. Nxf5 gxf5 47.
Bd4 Kf7 48. Bc3 Rxb2 49. Rg1 Rc2 50. Ra1 Na2 51. Nf1 Bxf4 52. Be1 Qe4 0-1

[Event "ENCI Limburg-open B"]
[Site "Maastricht"]
[Date "2008.05.12"]
[Round "6"]
[White "Doossche, Carlo"]
[Black "Rieksen, Richard"]
[Result "1/2-1/2"]
[WhiteElo "1836"]
[BlackElo "1684"]
[PlyCount "46"]
[EventDate "2008.05.09"]
[EventType "swiss"]
[EventRounds "7"]
[EventCountry "NED"]
[Source "P.Boonen"]
[SourceDate "2010.01.01"]

1. c4 Nf6 2. Nc3 g6 3. d4 d5 4. Nf3 Bg7 5. Qb3 c6 6. e3 O-O 7. Bd3 Na6 8. cxd5
cxd5 9. Bd2 Nc7 10. Rc1 b6 11. a4 Bd7 12. Ne5 Rc8 13. O-O Kh8 14. Na2 Nfe8 15.
Nc6 Bxc6 16. Rxc6 e5 17. Rfc1 exd4 18. Bb4 dxe3 19. Qc2 exf2+ 20. Qxf2 Rg8 21.
Qxf7 Bxb2 22. Be7 Rg7 23. Qf8+ Rg8 1/2-1/2

[Event "ENCI Limburg-open B"]
[Site "Maastricht"]
[Date "2008.05.12"]
[Round "6"]
[White "Drose, Daniela"]
[Black "Daamen, Roland"]
[Result "1/2-1/2"]
[WhiteElo "1735"]
[BlackElo "1647"]
[PlyCount "44"]
[EventDate "2008.05.09"]
[EventType "swiss"]
[EventRounds "7"]
[EventCountry "NED"]
[Source "P.Boonen"]
[SourceDate "2010.01.01"]

1. c4 Nf6 2. Nc3 g6 3. g3 Bg7 4. Bg2 c5 5. d3 O-O 6. Nf3 d5 7. cxd5 Nxd5 8. Bd2
Nc6 9. O-O b6 10. Nxd5 Qxd5 11. Nd4 Qxd4 12. Bxc6 Rb8 13. Bc3 Qd6 14. Bxg7 Kxg7
15. Qa4 Bb7 16. Bxb7 Rxb7 17. Rfd1 Rd8 18. Qe4 Rbd7 19. a3 Qd4 20. Qxd4+ Rxd4
21. Rdc1 R8d7 22. Kf1 Kf6 1/2-1/2

[Event "ENCI Limburg-open B"]
[Site "Maastricht"]
[Date "2008.05.12"]
[Round "6"]
[White "Erin, Igor"]
[Black "Gheury, Jean Marie"]
[Result "1/2-1/2"]
[WhiteElo "1703"]
[BlackElo "1867"]
[PlyCount "72"]
[EventDate "2008.05.09"]
[EventType "swiss"]
[EventRounds "7"]
[EventCountry "NED"]
[Source "P.Boonen"]
[SourceDate "2010.01.01"]

1. e4 c6 2. d4 d5 3. e5 c5 4. c3 Nc6 5. Nf3 Bg4 6. Bb5 e6 7. O-O Qb6 8. Bxc6+
bxc6 9. dxc5 Qxc5 10. Be3 Qa5 11. Nbd2 Ne7 12. Qb3 Qc7 13. Qa4 Bxf3 14. Nxf3
Nf5 15. Rfe1 Be7 16. Nd4 Nxe3 17. Rxe3 Rc8 18. b4 O-O 19. Rh3 c5 20. bxc5 Bxc5
21. Qc2 g6 22. Qe2 Qb6 23. Qd2 h5 24. Qg5 Bxd4 25. cxd4 Qxd4 26. Rf1 Qg4 27.
Qf6 Qf5 28. Qxf5 exf5 29. f4 Rfd8 30. Rd3 Rd7 31. Re1 Re8 32. Rd4 Kf8 33. Kf2
Ke7 34. Rb1 Rc8 35. Rb2 Ke6 36. a4 Rdc7 1/2-1/2

[Event "ENCI Limburg-open B"]
[Site "Maastricht"]
[Date "2008.05.12"]
[Round "6"]
[White "Frijns, Raoul"]
[Black "Liston, Mike"]
[Result "1-0"]
[WhiteElo "1680"]
[BlackElo "1812"]
[PlyCount "145"]
[EventDate "2008.05.09"]
[EventType "swiss"]
[EventRounds "7"]
[EventCountry "NED"]
[Source "P.Boonen"]
[SourceDate "2010.01.01"]

1. d4 d5 2. c4 Nf6 3. cxd5 Nxd5 4. Nf3 e6 5. e4 Nf6 6. Bg5 Be7 7. Nc3 O-O 8.
Rc1 b6 9. Bd3 Bb7 10. O-O Nbd7 11. Qc2 h6 12. Bh4 c5 13. Rfd1 cxd4 14. Nxd4 Rc8
15. Qe2 Ne5 16. Ba6 Qc7 17. Bg3 Bxa6 18. Qxa6 Nxe4 19. Bxe5 Qxe5 20. Qxa7 Nxc3
21. bxc3 Bc5 22. Qa4 Ra8 23. Qc4 Rfd8 24. Nb3 Rxd1+ 25. Rxd1 Rc8 26. Qd3 Be7
27. Nd4 Qc5 28. Ne2 Bf6 29. Rc1 b5 30. Kf1 Qc4 31. Qxc4 Rxc4 32. Ke1 b4 33.
cxb4 Rxc1+ 34. Nxc1 Bc3+ 35. Kd1 Bxb4 36. Nd3 Bd6 37. a4 Bc7 38. Nb4 Kf8 39.
Kc2 Ke8 40. Kd3 Kd7 41. Kc4 Bb6 42. Kb5 Kc7 43. f3 Kb7 44. a5 Bf2 45. a6+ Ka8
46. Nc6 f6 47. Nd8 e5 48. Nc6 h5 49. h3 g5 50. g4 hxg4 51. hxg4 Be3 52. Kc4 Bf2
53. Kd5 Be1 54. Ke6 Bc3 55. Ne7 Ka7 56. Nd5 Bb2 57. Nxf6 Kxa6 58. Ne4 Bc1 59.
Kxe5 Kb6 60. Kf5 Kc6 61. Nxg5 Kd7 62. Ne6 Ke7 63. g5 Bb2 64. g6 Bf6 65. f4 Bc3
66. Ng5 Bb2 67. Nh7 Bc3 68. Kg4 Bd4 69. f5 Bc3 70. Kh5 Bd4 71. Kh6 Be3+ 72. Ng5
Bd4 73. Ne6 1-0

[Event "ENCI Limburg-open B"]
[Site "Maastricht"]
[Date "2008.05.12"]
[Round "6"]
[White "Gijsen, Michelle"]
[Black "Franssen, John2"]
[Result "1-0"]
[WhiteElo "1580"]
[BlackElo "1799"]
[PlyCount "99"]
[EventDate "2008.05.09"]
[EventType "swiss"]
[EventRounds "7"]
[EventCountry "NED"]
[Source "P.Boonen"]
[SourceDate "2010.01.01"]

1. e4 c5 2. Nf3 d6 3. d4 cxd4 4. Nxd4 Nf6 5. Nc3 a6 6. a4 e6 7. Be2 Qc7 8. Be3
Nbd7 9. f4 b6 10. Bf3 Bb7 11. Nb3 Rc8 12. O-O Be7 13. Kh1 O-O 14. Qe2 Rfe8 15.
Qf2 Kh8 16. Rad1 Nc5 17. Nxc5 dxc5 18. e5 Bxf3 19. Qxf3 Nd7 20. Ne4 Rcd8 21.
Nd6 Rf8 22. Qg4 f5 23. Qf3 Nb8 24. Nb7 Rxd1 25. Rxd1 Nc6 26. Nd6 Rd8 27. Nf7+
Kg8 28. Nxd8 Nxd8 29. Rd2 Nc6 30. Qd1 Nb8 31. Bf2 g6 32. Qf3 Nc6 33. Qd1 Nb8
34. Rd3 Kg7 35. g4 Qc6+ 36. Kg1 Qxa4 37. gxf5 exf5 38. Qd2 Qa1+ 39. Kg2 Qxb2
40. Rb3 Qa2 41. Rxb6 Qg8 42. Rb7 Qe8 43. Qd5 Nc6 44. Bxc5 Qc8 45. Rd7 Kf8 46.
Qe6 Qa8 47. Bxe7+ Nxe7+ 48. Kg3 Qe8 49. Qf6+ Qf7 50. Rd8# 1-0